000 01410 a2200277 4500
003 Nust
005 20220802142157.0
010 _a 2007020263
020 _a0073195995
020 _a0073195995
035 _a(OCoLC)128238136
035 _a(OCoLC)ocn128238136
040 _cNust
082 0 0 _a621.3,FOR
100 1 _aFord, Ralph M.
_996309
245 1 0 _aDesign for electrical and computer engineers :
_btheory, concepts, and practice /
_cRalph M. Ford, Chris S. Coulston.
260 _aBoston :
_bMcGraw-Hill,
_cc2008.
300 _axv, 320 p. :
_bill. ;
_c24 cm.
505 _aThe Engineering Design Process (Page-1), Project Selection and Needs Identification (Page-15), The Requirements Specification (Page-31), Concept Generation and Evaluation (Page-59), System Design I: Functional Decomposition (Page-79), System Design II: Behavior Models (Page-103), Testing (Page-127), System Reliability (Page-145), Teams and Teamwork (Page-171), Project Management (Page-183), Ethical and Legal Issues (Page-201), Oral Presentations (Page-223).
650 0 _aElectronic circuit design.
650 0 _aTelecommunication Engineering
700 1 _aCoulston, Chris S.,
_d1967-
_996310
856 4 1 _3Publisher description
_uhttp://www.loc.gov/catdir/enhancements/fy0726/2007020263-d.html
856 4 1 _3Table of contents only
_uhttp://www.loc.gov/catdir/toc/ecip0718/2007020263.html
942 _cREF
_2ddc
999 _c178438
_d178438